[Event "DMP-III LIGA Senior PK 2020"]
[Site "Bystre"]
[Date "2020.07.11"]
[Round "6.9"]
[White "Chowaniec, Artur"]
[Black "Biesiadecki, Adam"]
[Result "1/2-1/2"]
[WhiteElo "1530"]
[BlackElo "1539"]
[Annotator "NA"]
[PlyCount "50"]
[EventDate "2020.07.05"]
[EventType "team-tourn"]
[EventCountry "POL"]
[SourceTitle "playchess.com"]
[Source "ChessBase"]
[SourceQuality "1"]
[TimeControl "5400+30"]

1. Nh3 {[%emt 0:00:00]} Nh6 {[%emt 0:00:00]} 2. Ng5 {[%emt 0:00:07]} Ng4 {[%emt 0:00:00]} 3. Nf3 {[%emt 0:00:46]} Nf6 {[%emt 0:00:00]} 4. Nc3 {[%emt 0:00:10]} Nc6 {[%emt 0:00:00]} 5. Nb5 {[%emt 0:00:08]} Nb4 {[%emt 0:00:00]} 6. Na3 {[%emt 0:00:09]} Na6 {[%emt 0:00:05]} 7. Ng1 {[%emt 0:00:08]} Nb8 {[%emt 0:00:06]} 8. Nb1 {[%emt 0:00:05]} Ng8 9. d4 {[%emt 0:00:05]} d5 {[%emt 0:00:16]} 10. c3 {[%emt 0:00:09]} c6 {[%emt 0:00:06]} 11. e3 {[%emt 0:00:04]} e6 {[%emt 0:00:07]} 12. Nf3 {[%emt 0:00:06]} Nf6 {[%emt 0:00:06]} 13. Bd3 {[%emt 0:00:06]} Bd6 {[%emt 0:00:05]} 14. O-O {[%emt 0:00:06]} O-O {[%emt 0:00:07]} 15. Re1 {[%emt 0:00:07]} h6 {[%emt 0:00:18]} 16. h3 {[%emt 0:00:05]} a6 {[%emt 0:00:12]} 17. a3 {[%emt 0:00:05]} b5 {[%emt 0:00:05]} 18. b4 {[%emt 0:00:05]} Nbd7 {[%emt 0:00:12]} 19. Nbd2 {[%emt 0:00:07]} Nb6 {[%emt 0:00:08]} 20. Nb3 {[%emt 0:00:07]} Qc7 {[%emt 0:00:06]} 21. Qc2 {[%emt 0:00:07]} Bd7 {[%emt 0:00:10]} 22. Bd2 {[%emt 0:00:06]} Rac8 {[%emt 0:00:08]} 23. Rac1 {[%emt 0:00:07]} Rfd8 {[%emt 0:00:07]} 24. Red1 {[%emt 0:00:15]} Na4 {[%emt 0:00:06]} 25. Na5 {[%emt 0:00:10]} Be7 {[%emt 0:00:18]} 1/2-1/2

[Event "DMP-III LIGA Senior PK 2020"]
[Site "Bystre"]
[Date "2020.07.11"]
[Round "6.10"]
[White "Juszczuk, Grzegorz"]
[Black "Wrobel, Dariusz"]
[Result "1-0"]
[WhiteElo "1809"]
[BlackElo "1427"]
[Annotator "NA RC"]
[PlyCount "103"]
[EventDate "2020.07.05"]
[EventType "team-tourn"]
[EventCountry "POL"]
[SourceTitle "playchess.com"]
[Source "ChessBase"]
[SourceQuality "1"]
[TimeControl "5400+30"]

{[%evp 8,94,37,32767,32767,9,22,32767,32767,24,19,32767,32767,32767,37,32767,32767,39,64,48,88,12,111,32767,32767,95,32767,67,67,74,79,-35,32767,29,103,37,91,70,66,61,32767,41,32767,55,32767,32767,32767,32767,32767,32767,32767,-25,58,32767,32767,32767,32767,32767,447,162,215,32767,32767,150,184,32767,204,222,212,121,475,115,108,100,485,508,475,364,315,394,32767,539,466,407,367,364,444,380,629]} 1. d4 {[%emt 0:00:00]} d5 {[%emt 0:00:00]} 2. Nf3 {[%emt 0:00:00]} e6 {[%emt 0:01:31]} 3. Bf4 {[%emt 0:03:22]} c5 {[%emt 0:00:24]} 4. e3 {[%emt 0:00:09]} cxd4 {[%emt 0:00:09]} 5. exd4 {[%emt 0:00:02]} Nc6 {[%emt 0:00:27]} 6. Be2 {[%emt 0:00:25] D02: 1 d4 d5 2 Nf3 sidelines, including 2...Nf6 3 g3 and 2...Nf6 3 Bf4.} Bd6 {[%emt 0:00:33]} 7. Bxd6 {[%emt 0:01:20]} Qxd6 {[%emt 0:00:10]} 8. O-O {[%emt 0:00:13]} Nge7 {[%emt 0:00:06] [#]} 9. c3 $146 {[%emt 0:01:00]} ({Predecessor:} 9. Re1 O-O 10. a3 Bd7 11. Bd3 f6 12. Nbd2 Be8 13. c4 Bg6 14. cxd5 exd5 15. Qb3 Bxd3 16. Qxd3 {1-0 (78) Hahner,A (2112)-Winiger,A (1881) Remote email 2012}) 9... O-O {[%emt 0:00:10]} 10. Nbd2 {[%emt 0:00:16]} a6 {[%emt 0:00:36]} 11. Re1 {[%emt 0:01:19]} Ng6 {[%emt 0:00:13]} 12. Bd3 {[%emt 0:00:49]} Nce7 {[%emt 0:00:57]} 13. Rc1 {[%emt 0:00:24]} b5 {[%emt 0:00:11]} 14. Nb3 {[%emt 0:01:05]} Bb7 {[%emt 0:01:24]} (14... f6 $1 $11 {remains equal.}) 15. Nc5 {[%emt 0:05:30]} Bc6 {[%emt 0:00:21]} 16. Bb1 {[%emt 0:00:39]} Rfc8 {[%emt 0:01:32]} 17. Qd3 {[%emt 0:00:44]} Nf8 {[%emt 0:00:45]} 18. Ne5 {[%emt 0:00:42]} Be8 {[%emt 0:01:19]} 19. Re3 {[%emt 0:01:16]} (19. Qe2 $16) 19... Neg6 {[%emt 0:00:19]} 20. Rce1 {[%emt 0:08:37]} Rc7 {[%emt 0:00:37]} (20... f6 $11 21. Ng4 e5) 21. g3 {[%emt 0:03:14]} ({White should play} 21. Nxg6 $16 hxg6 22. Qe2) 21... Qe7 {[%emt 0:00:40]} 22. h4 {[%emt 0:00:39]} Nxe5 {[%emt 0:00:33]} 23. Rxe5 {[%emt 0:06:12]} Qf6 {[%emt 0:00:19]} 24. R1e3 {[%emt 0:04:37]} Ng6 {[%emt 0:00:33]} 25. Rg5 {[%emt 0:09:24]} Rc6 {[%emt 0:02:40]} 26. Rf3 {[%emt 0:00:54]} Qd8 {[%emt 0:00:59]} 27. Qe3 {[%emt 0:00:26]} Nf8 {[%emt 0:00:51]} 28. Qd3 {[%emt 0:02:47]} Qd6 {[%emt 0:00:46]} 29. h5 {[%emt 0:03:25]} f5 {[%emt 0:01:01]} (29... h6 $1 $15 30. Rg4 e5) 30. h6 {[%emt 0:03:47]} Ng6 {[%emt 0:01:05]} 31. hxg7 {[%emt 0:00:36]} Kxg7 {[%emt 0:00:24]} 32. Qe3 {[%emt 0:01:24]} Ra7 $2 {[%emt 0:01:22] [#]} (32... Kh8 {was necessary.} 33. Nd3 Rc7) 33. Rh5 $2 {[%emt 0:01:01]} (33. Bxf5 $1 {[%mdl 512]} exf5 34. Qxe8) 33... Re7 {[%emt 0:01:02]} 34. Qh6+ {[%emt 0:05:28]} Kg8 {[%emt 0:00:31]} 35. b4 {[%emt 0:01:29]} Rg7 {[%emt 0:00:15]} 36. Re3 {[%emt 0:00:40]} Bf7 {[%emt 0:00:27]} (36... Nf8 $16 {is a better defense.}) 37. Rg5 {[%emt 0:04:11]} Qf8 {[%emt 0:00:30]} 38. f4 {[%emt 0:00:28]} (38. g4 $18) 38... Ne7 $2 {[%emt 0:02:28]} (38... a5 $16 39. g4 (39. bxa5 Rxc5 40. dxc5 Qxc5 $11) 39... axb4) 39. Nxe6 $2 {[%emt 0:02:03]} (39. Nd7 $18 {is more deadly.} e5 40. Qh4 (40. Nxf8 Rxh6 41. Rxe5 Nc6 $11)) 39... Bxe6 {[%emt 0:01:11]} 40. Rxe6 {[%emt 0:02:14]} Rxe6 $4 {[%emt 0:01:32]} (40... Rg6 $16 {is tougher.} 41. Qxf8+ Kxf8 42. Rgxg6 (42. Rxc6 Rxc6 43. Bxf5 Rxc3 $14) 42... hxg6 43. Rxc6 Nxc6) 41. Qxe6+ {[%emt 0:00:14]} Kh8 {[%emt 0:00:33]} 42. Qe5 {[%emt 0:02:16]} Ng6 {[%emt 0:01:02]} 43. Qxd5 {[%emt 0:06:12]} Qe8 {[%emt 0:00:39] [#]} 44. Kf2 $1 {[%emt 0:01:43]} Re7 {[%emt 0:00:48]} 45. Bd3 {[%emt 0:01:36]} Re1 {[%emt 0:00:43]} 46. Qf3 {[%emt 0:00:14]} Ra1 {[%emt 0:01:34]} 47. Qe2 {[%emt 0:01:58]} Qf7 $18 {[%emt 0:01:09]} (47... Qxe2+ 48. Kxe2 Ne7 49. Bxf5 h6) 48. Rxf5 {[%emt 0:01:18]} Qd7 {[%emt 0:00:53]} 49. Be4 {[%emt 0:02:45]} Qc7 {[%emt 0:00:47]} 50. Rc5 {[%emt 0:00:28]} Qd7 {[%emt 0:00:38]} 51. Bxg6 {[%emt 0:01:51]} hxg6 {[%emt 0:00:13]} 52. Qe5+ {[%emt 0:00:10]} 1-0

[Event "DMP-III LIGA Senior PK 2020"]
[Site "Bystre"]
[Date "2020.07.11"]
[Round "6.11"]
[White "Kielb, Miroslaw"]
[Black "Bialek, Filip"]
[Result "1-0"]
[WhiteElo "1394"]
[BlackElo "1026"]
[Annotator "NA RC"]
[PlyCount "101"]
[EventDate "2020.07.05"]
[EventType "team-tourn"]
[EventCountry "POL"]
[SourceTitle "playchess.com"]
[Source "ChessBase"]
[SourceQuality "1"]
[TimeControl "5400+30"]

1. e4 {[%emt 0:00:00]} d5 {[%emt 0:00:00]} 2. exd5 {[%emt 0:00:02]} Qxd5 {[%emt 0:00:10]} 3. Nc3 {[%emt 0:00:19]} Qd8 {[%emt 0:00:19]} 4. d4 {[%emt 0:00:43]} c6 {[%emt 0:00:28]} 5. Nf3 {[%emt 0:01:11]} Bf5 {[%emt 0:01:25]} 6. Bd3 {[%emt 0:03:00]} Bg4 {[%emt 0:01:26]} 7. Be2 {[%emt 0:01:51]} Nf6 {[%emt 0:01:52]} 8. O-O {[%emt 0:02:39]} e6 {[%emt 0:01:46]} 9. h3 {[%emt 0:06:53]} Bh5 {[%emt 0:04:24]} 10. a3 {[%emt 0:02:17]} Nbd7 {[%emt 0:03:20]} 11. Bf4 {[%emt 0:03:06]} Bxf3 {[%emt 0:04:00]} 12. Bxf3 {[%emt 0:00:17]} Nb6 {[%emt 0:00:43]} 13. Re1 {[%emt 0:03:12]} Nbd5 {[%emt 0:02:19]} 14. Nxd5 {[%emt 0:01:33]} Nxd5 {[%emt 0:01:05]} 15. Bxd5 {[%emt 0:03:17]} Qxd5 {[%emt 0:00:20]} 16. Re5 {[%emt 0:01:28]} Qd7 {[%emt 0:02:35]} 17. Qd2 {[%emt 0:05:15]} Bd6 {[%emt 0:01:55]} 18. Re4 {[%emt 0:02:43]} O-O-O {[%emt 0:02:28]} 19. Rae1 {[%emt 0:06:06]} Bxf4 {[%emt 0:00:52]} 20. Qxf4 {[%emt 0:00:31]} Rhg8 {[%emt 0:02:05]} 21. c3 {[%emt 0:02:54]} Rde8 {[%emt 0:02:30]} 22. Qe5 {[%emt 0:01:18]} g5 {[%emt 0:04:29]} 23. g4 {[%emt 0:05:07]} Rg6 {[%emt 0:02:28]} 24. Qa5 {[%emt 0:02:52]} Kb8 {[%emt 0:01:53]} 25. c4 {[%emt 0:02:22]} Qc7 {[%emt 0:00:56]} 26. Qd2 {[%emt 0:02:39]} Qd6 {[%emt 0:04:28]} 27. d5 {[%emt 0:03:26]} cxd5 {[%emt 0:00:37]} 28. cxd5 {[%emt 0:00:16]} Rd8 {[%emt 0:01:18]} 29. Re5 {[%emt 0:03:18]} h6 {[%emt 0:04:05]} 30. Qe3 {[%emt 0:05:55]} a6 {[%emt 0:05:32]} 31. dxe6 {[%emt 0:00:28]} fxe6 {[%emt 0:01:18]} 32. Rxe6 {[%emt 0:00:20]} Rxe6 {[%emt 0:02:27]} 33. Qxe6 {[%emt 0:00:09]} Qxe6 {[%emt 0:01:37]} 34. Rxe6 {[%emt 0:00:07]} Rh8 {[%emt 0:01:22]} 35. Kg2 {[%emt 0:00:25]} Kc7 {[%emt 0:01:01]} 36. Rg6 {[%emt 0:00:49]} Rh7 {[%emt 0:00:32]} 37. Kg3 {[%emt 0:00:21]} a5 {[%emt 0:00:14]} 38. h4 {[%emt 0:00:31]} gxh4+ {[%emt 0:01:00]} 39. Kxh4 {[%emt 0:00:08]} Rf7 {[%emt 0:00:50]} 40. Kg3 {[%emt 0:00:36]} Rh7 {[%emt 0:00:20]} 41. f4 {[%emt 0:00:17]} Rd7 {[%emt 0:00:52]} 42. Rxh6 {[%emt 0:00:33]} Rd3+ {[%emt 0:00:09]} 43. Kh4 {[%emt 0:00:20]} Rd2 {[%emt 0:00:15]} 44. g5 {[%emt 0:00:21]} Rxb2 {[%emt 0:00:22]} 45. g6 {[%emt 0:00:23]} Kd7 {[%emt 0:01:33]} 46. Kg5 {[%emt 0:01:16]} Ke7 {[%emt 0:00:54]} 47. Rh7+ {[%emt 0:00:40]} Kf8 {[%emt 0:00:21]} 48. f5 {[%emt 0:01:36]} Kg8 {[%emt 0:01:25]} 49. Rc7 {[%emt 0:00:44]} Rg2+ {[%emt 0:00:55]} 50. Kf6 {[%emt 0:00:14]} Rc2 {[%emt 0:00:28]} 51. Rxc2 {[%emt 0:00:11]} 1-0

[Event "DMP-III LIGA Senior PK 2020"]
[Site "Bystre"]
[Date "2020.07.11"]
[Round "6.12"]
[White "Krzyzanowska-zadlo, Lidia"]
[Black "Wolak, Julia"]
[Result "1-0"]
[WhiteElo "1801"]
[BlackElo "1516"]
[Annotator "NA RC"]
[PlyCount "61"]
[EventDate "2020.07.05"]
[EventType "team-tourn"]
[EventCountry "POL"]
[SourceTitle "playchess.com"]
[Source "ChessBase"]
[SourceQuality "1"]
[TimeControl "5400+30"]

1. e4 c5 2. c3 Nf6 3. e5 Nd5 4. Nf3 Nc6 5. Bc4 Nb6 6. Be2 e6 7. O-O d5 8. d4 cxd4 9. cxd4 Bd7 10. Nc3 a6 11. Be3 Rc8 12. Nd2 Na5 13. Rc1 Bb4 14. a3 Bxc3 15. Rxc3 Rxc3 16. bxc3 Qc7 17. Qc2 O-O 18. Rb1 Na4 19. c4 dxc4 20. Ne4 h6 21. Bxh6 Rc8 22. Qd2 Kf8 23. Qg5 gxh6 24. Qxh6+ Ke7 25. Qf6+ Kf8 26. Ng5 Bb5 27. Nxe6+ Ke8 28. Nxc7+ Rxc7 29. d5 Nc3 30. Qh8+ Kd7 31. Bg4+ 1-0

[Event "DMP-III LIGA Senior PK 2020"]
[Site "Bystre"]
[Date "2020.07.11"]
[Round "6.13"]
[White "Lorenc, Marian"]
[Black "Miasik, Adrian"]
[Result "1/2-1/2"]
[WhiteElo "2124"]
[BlackElo "1881"]
[Annotator "TA"]
[PlyCount "115"]
[EventDate "2020.07.05"]
[EventType "team-tourn"]
[EventCountry "POL"]
[SourceTitle "playchess.com"]
[Source "ChessBase"]
[SourceQuality "1"]

{[%evp 12,115,28,25,39,21,27,26,20,20,25,16,23,23,29,35,20,27,28,0,12,0,0,-16,-15,-85,-66,-73,-73,-68,-67,-82,-78,-81,-82,-117,-111,-130,-91,-102,-103,-155,-83,-83,-83,-80,-48,-98,-91,-102,-95,-128,-95,-113,-90,-113,-54,-104,-110,-102,-26,-315,-306,-306,-204,-214,-141,-214,-210,-306,-306,-265,-243,-217,-224,-230,-102,-142,-145,-551,-551,-551,-550,-534,-534,-498,-306,-198,0,-523,-77,-77,0,-514,-508,-482,-439,-324,-139,-159,-154,-219,-252,-181,0,0]} 1. Nf3 d5 2. d4 e6 3. c4 c5 4. g3 Nc6 5. Bg2 Nf6 6. O-O Be7 7. dxc5 Bxc5 {E06: Closed Catalan: Early deviations.} 8. Bg5 O-O 9. Nc3 d4 {White has an edge.} 10. Ne4 Be7 $1 11. Nxf6+ $1 Bxf6 12. Bxf6 Qxf6 13. b4 {[%cal Bb2b4,Bb4b5][%mdl 32] [#]} e5 $146 ({Predecessor:} 13... Nxb4 14. Qxd4 Rd8 15. Qc5 Nc6 16. Rab1 Rb8 17. Rfd1 Bd7 18. Nd2 b6 19. Qa3 Qe7 20. Qxe7 Nxe7 {½-½ (45) Zilka,S (2471)-Holemar,D (2326) Austria 2008}) 14. b5 Nd8 15. c5 Bd7 16. a4 Rc8 17. Nd2 Qe7 18. Ne4 (18. Nb3 $11 {keeps the balance.}) 18... f5 $1 $36 {[%cal Rf5e4][%mdl 2048] Black fights for an advantage.} 19. Nd6 Rxc5 20. Nxb7 Nxb7 21. Bxb7 Bxb5 {[%mdl 64] Discovered Attack} 22. axb5 Qxb7 23. f4 Rxb5 24. fxe5 Rxe5 25. Qxd4 Qb6 26. Rfd1 (26. Qxb6 $142 axb6 27. Kf2) 26... Rd8 (26... Rxe2 $142 27. Qxb6 axb6) 27. Qxb6 Rxd1+ 28. Rxd1 {Intending Qb8+ and mate.} axb6 {[%mdl 4096] Endgame KR-KR} 29. Rd8+ Kf7 30. Rb8 Rb5 31. h4 Kg6 32. Rb7 Kf6 33. Kf2 h6 (33... Rb3 $17) 34. Kf3 Rb3+ 35. Kf2 g5 (35... Rb1 $17 36. Rb8 Kg6) 36. hxg5+ $2 {[%mdl 8192]} (36. Rd7 $11) 36... hxg5 $19 37. Rb8 Kg6 38. Rd8 Rb5 39. Rd4 (39. Kf3 $17 {was called for.}) 39... Kf6 40. Rd6+ (40. Rd8 $142) 40... Ke5 41. Rd8 g4 42. Rb8 Kd4 43. Rb7 Rb3 (43... Rb1 $1 $19 44. Rf7 Rb5) 44. Rd7+ Ke5 45. Rb7 $2 {[%mdl 8192]} (45. Re7+ $17 {is more resistant.} Kd5 46. Rf7) 45... b5 46. Re7+ Kd6 47. Rf7 Ke6 $1 {[%cal Re6f7]} 48. Rb7 Rb4 49. Rb8 Rb3 $2 ({Black should try} 49... Rb1 $19 {Strongly threatening ...b4.} 50. Ke3 Ke5) 50. Re8+ $2 {[%mdl 8192]} (50. Rb7 $1 $11 {and White is okay.}) 50... Kd6 $2 (50... Kd5 $19 {is more deadly. aiming for ...b4.} 51. Rf8 Ke5 52. Re8+ Kd5) 51. Rf8 $17 Ke6 $2 {[%mdl 8192]} (51... Kc5 $17) 52. Re8+ $1 $19 Kd5 53. Rd8+ Ke5 54. Re8+ Kf6 (54... Kd4 $19 55. Rd8+ Ke5 56. Re8+ Kd5 57. Rd8+ Ke6 58. Re8+) 55. Rf8+ $17 {[#]} Kg6 $1 56. Rg8+ {[#]} (56. Kg2 $17 {was necessary.}) 56... Kf7 $1 $19 {[%cal Rf7g8]} 57. Rb8 Kg6 $2 ({Better is} 57... Ke7 $19 {White must now prevent ...Kd6.} 58. Rb7+ Kf6) 58. Rg8+ $1 {Accuracy: White = 61%, Black = 55%.} 1/2-1/2

[Event "DMP-III LIGA Senior PK 2020"]
[Site "Bystre"]
[Date "2020.07.11"]
[Round "6.14"]
[White "Ciasnocha, Michal"]
[Black "Marciniak, Leonard"]
[Result "0-1"]
[WhiteElo "1795"]
[BlackElo "1672"]
[Annotator "NA RC"]
[PlyCount "106"]
[EventDate "2020.07.05"]
[EventType "team-tourn"]
[EventCountry "POL"]
[SourceTitle "playchess.com"]
[Source "ChessBase"]
[SourceQuality "1"]
[TimeControl "5400+30"]

1. d4 {[%emt 0:00:00]} c5 {[%emt 0:00:00]} 2. e3 {[%emt 0:02:02]} cxd4 {[%emt 0:00:00]} 3. exd4 {[%emt 0:00:07]} d5 {[%emt 0:00:00]} 4. Nf3 {[%emt 0:00:37]} Nc6 {[%emt 0:00:11]} 5. Bd3 {[%emt 0:01:06]} Bg4 {[%emt 0:00:18]} 6. c3 {[%emt 0:00:31]} Nf6 {[%emt 0:01:03]} 7. Bf4 {[%emt 0:01:17]} e6 {[%emt 0:00:16]} 8. Nbd2 {[%emt 0:00:47]} Bd6 {[%emt 0:01:05]} 9. Bg3 {[%emt 0:00:54]} O-O {[%emt 0:01:33]} 10. Qb3 {[%emt 0:03:01]} Rb8 {[%emt 0:01:49]} 11. Ne5 {[%emt 0:02:58]} Bh5 {[%emt 0:01:42]} 12. Ndf3 {[%emt 0:01:16]} Bg6 {[%emt 0:01:57]} 13. Nxg6 {[%emt 0:06:05]} hxg6 {[%emt 0:00:14]} 14. a4 {[%emt 0:07:37]} Na5 {[%emt 0:02:25]} 15. Qc2 {[%emt 0:00:50]} Rc8 {[%emt 0:01:16]} 16. O-O {[%emt 0:06:05]} Bxg3 {[%emt 0:03:05]} 17. hxg3 {[%emt 0:00:06]} Qb6 {[%emt 0:00:51]} 18. Rfb1 {[%emt 0:07:41]} Qb3 {[%emt 0:06:57]} 19. Qe2 {[%emt 0:05:13]} Qb6 {[%emt 0:03:23]} 20. Nd2 {[%emt 0:07:19]} Qc7 {[%emt 0:05:07]} 21. Ra3 {[%emt 0:07:58]} Nc4 {[%emt 0:02:20]} 22. Ra2 {[%emt 0:05:33]} Nd6 {[%emt 0:00:36]} 23. Rc1 {[%emt 0:01:37]} Nf5 {[%emt 0:05:53]} 24. Nf3 {[%emt 0:02:54]} Nd6 {[%emt 0:01:12]} 25. Nd2 {[%emt 0:00:47]} Rfd8 {[%emt 0:03:07]} 26. b3 {[%emt 0:01:55]} Qb6 {[%emt 0:02:51]} 27. Rac2 {[%emt 0:01:44]} Nf5 {[%emt 0:06:39]} 28. g4 {[%emt 0:04:53]} Nd6 {[%emt 0:00:50]} 29. Qf3 {[%emt 0:01:53]} Nde4 {[%emt 0:02:23]} 30. Bxe4 {[%emt 0:04:46]} Nxe4 {[%emt 0:00:18]} 31. Rb1 {[%emt 0:01:54]} Nxd2 {[%emt 0:01:55]} 32. Rxd2 {[%emt 0:00:06]} Qd6 {[%emt 0:01:50]} 33. Rd3 {[%emt 0:01:21]} g5 {[%emt 0:01:20]} 34. Qe3 {[%emt 0:01:15]} f6 {[%emt 0:03:04]} 35. Re1 {[%emt 0:01:15]} Kf7 {[%emt 0:00:33]} 36. Qd2 {[%emt 0:02:40]} Rh8 {[%emt 0:00:28]} 37. Rh3 {[%emt 0:00:18]} Rxh3 {[%emt 0:02:16]} 38. gxh3 {[%emt 0:00:04]} Qf4 {[%emt 0:01:35]} 39. Qe3 {[%emt 0:01:06]} Qxe3 {[%emt 0:02:51]} 40. Rxe3 {[%emt 0:00:05]} Ke7 {[%emt 0:00:51]} 41. Kg2 {[%emt 0:00:22]} Kd6 {[%emt 0:00:22]} 42. Kg3 {[%emt 0:00:51]} Rc6 {[%emt 0:00:23]} 43. h4 {[%emt 0:02:26]} gxh4+ {[%emt 0:00:33]} 44. Kxh4 {[%emt 0:00:04]} Rb6 {[%emt 0:00:42]} 45. b4 {[%emt 0:00:44]} Ra6 {[%emt 0:06:53]} 46. Kh5 {[%emt 0:01:17]} Rxa4 {[%emt 0:04:23]} 47. Kg6 {[%emt 0:01:49]} e5 {[%emt 0:00:16]} 48. Rd3 {[%emt 0:00:33]} e4 {[%emt 0:01:14]} 49. Re3 {[%emt 0:00:36]} Ra2 {[%emt 0:00:26]} 50. f3 {[%emt 0:00:20]} Rg2 {[%emt 0:03:42]} 51. fxe4 {[%emt 0:03:39]} Rxg4+ {[%emt 0:00:19]} 52. Kf5 {[%emt 0:00:17]} Rxe4 {[%emt 0:00:43]} 53. Rg3 {[%emt 0:00:23]} Re7 {[%emt 0:03:05]} 0-1

[Event "DMP-III LIGA Senior PK 2020"]
[Site "Bystre"]
[Date "2020.07.11"]
[Round "6.15"]
[White "Klok, Kacper"]
[Black "Babiarz, Arkadiusz"]
[Result "0-1"]
[WhiteElo "1463"]
[BlackElo "1840"]
[Annotator "NA RC"]
[PlyCount "46"]
[EventDate "2020.07.05"]
[EventType "team-tourn"]
[EventCountry "POL"]
[SourceTitle "playchess.com"]
[Source "ChessBase"]
[SourceQuality "1"]
[TimeControl "5400+30"]

{[%evp 11,42,-43,-25,32767,-34,32767,32767,32767,32767,-58,32767,32767,32767,-262,-250,-275,-237,32767,-206,-293,-154,-166,-120,-135,-114,-108,-102,-111,-105,32767,-68,-72,-72]} 1. d4 {[%emt 0:00:00]} d5 {[%emt 0:00:00]} 2. Nf3 {[%emt 0:02:52]} Nf6 {[%emt 0:00:00]} 3. Bf4 {[%emt 0:01:03]} e6 {[%emt 0:00:01]} 4. c4 {[%emt 0:00:23]} dxc4 {[%emt 0:01:10]} 5. Nc3 {[%emt 0:00:08]} a6 {[%emt 0:03:23]} 6. a4 {[%emt 0:01:28] D30: Queen's Gambit Declined: Systems without Nc3.} Bb4 {[%emt 0:01:47]} 7. Qc2 {[%emt 0:00:57]} Nc6 {[%emt 0:04:33]} 8. e3 {[%emt 0:00:16]} Na5 {[%emt 0:00:22] [#]} 9. Be2 $146 {[%emt 0:00:59]} ({Predecessor:} 9. Nd2 Nd5 10. Bg3 b5 11. axb5 axb5 12. Be2 Bb7 13. O-O Bc6 14. Ra2 Rb8 15. Rfa1 {0-1 (40) Iftime,D (1615)-Bulmaga,I (2222) Voineasa 2010}) 9... O-O {[%emt 0:03:08]} 10. O-O {[%emt 0:00:13]} b6 {[%emt 0:02:58]} 11. Nd2 {[%emt 0:03:09]} Bb7 {[%emt 0:04:28]} 12. f3 $2 {[%emt 0:16:11]} (12. Nxc4 $11 {and White stays safe.} Bxc3 13. bxc3) 12... Nd5 {[%emt 0:01:43]} 13. Nxd5 {[%emt 0:26:38]} exd5 {[%emt 0:02:48]} ({Weaker is} 13... Bxd5 14. Nxc4 Nxc4 15. Bxc4 $11) 14. Rad1 {[%emt 0:18:52]} Qd7 {[%emt 0:01:18]} 15. e4 {[%emt 0:01:02]} Bxd2 {[%emt 0:01:40]} ({Better is} 15... Bc6 $19 16. Ra1 Rfe8) 16. Bxd2 {[%emt 0:00:46]} Nb3 {[%emt 0:02:31]} 17. Bb4 {[%emt 0:00:30]} Rfe8 {[%emt 0:03:29]} ({Of course not} 17... Qxa4 $6 18. Bxf8 Rxf8 19. Rfe1 $11) 18. exd5 {[%emt 0:00:45]} Qxa4 {[%emt 0:06:09]} 19. Bxc4 {[%emt 0:06:34]} Qxb4 {[%emt 0:00:07]} 20. Bxb3 {[%emt 0:00:12]} Rad8 {[%emt 0:00:33]} 21. Qxc7 {[%emt 0:02:17]} Qxb3 $17 {[%emt 0:00:17]} 22. Qxb7 {[%emt 0:00:11]} Qxb2 {[%emt 0:00:11]} 23. Qxa6 {[%emt 0:01:07]} Re2 {[%emt 0:00:20]} 0-1

[Event "DMP-III LIGA Senior PK 2020"]
[Site "Bystre"]
[Date "2020.07.11"]
[Round "6.17"]
[White "Karas, Kacper"]
[Black "Wozniak, Grzegorz"]
[Result "1/2-1/2"]
[WhiteElo "1150"]
[BlackElo "1608"]
[Annotator "NA RC"]
[PlyCount "55"]
[EventDate "2020.07.05"]
[EventType "team-tourn"]
[EventCountry "POL"]
[SourceTitle "playchess.com"]
[Source "ChessBase"]
[SourceQuality "1"]
[TimeControl "5400+30"]

1. c4 {[%emt 0:00:00]} Nf6 {[%emt 0:00:00]} 2. g3 {[%emt 0:00:00]} e5 {[%emt 0:00:18]} 3. Bg2 {[%emt 0:00:00]} Bc5 {[%emt 0:03:01]} 4. Nc3 {[%emt 0:00:58]} O-O {[%emt 0:01:52]} 5. e3 {[%emt 0:02:51]} c6 {[%emt 0:01:26]} 6. Nge2 {[%emt 0:02:00]} d5 {[%emt 0:02:47]} 7. cxd5 {[%emt 0:00:34]} cxd5 {[%emt 0:00:18]} 8. d4 {[%emt 0:00:12]} exd4 {[%emt 0:01:07]} 9. Nxd4 {[%emt 0:02:30]} Nc6 {[%emt 0:02:50]} 10. Nxc6 {[%emt 0:01:45]} bxc6 {[%emt 0:01:18]} 11. Qa4 {[%emt 0:00:56]} Bb7 {[%emt 0:06:58]} 12. b4 {[%emt 0:10:53]} Bb6 {[%emt 0:00:48]} 13. O-O {[%emt 0:01:33]} Qc7 {[%emt 0:05:59]} 14. Rd1 {[%emt 0:06:09]} Rad8 {[%emt 0:03:30]} 15. Ne2 {[%emt 0:10:44]} Ne4 {[%emt 0:11:10]} 16. Bb2 {[%emt 0:02:05]} Rfe8 {[%emt 0:10:53]} 17. Nd4 {[%emt 0:07:19]} c5 {[%emt 0:08:48]} 18. bxc5 {[%emt 0:01:47]} Qxc5 {[%emt 0:00:46]} 19. Rac1 {[%emt 0:02:31]} Qa5 {[%emt 0:03:35]} 20. Qxa5 {[%emt 0:17:07]} Bxa5 {[%emt 0:00:10]} 21. Bxe4 {[%emt 0:03:31]} Rxe4 {[%emt 0:14:51]} 22. Bc3 {[%emt 0:01:33]} Bb6 {[%emt 0:04:25]} 23. Kf1 {[%emt 0:08:43]} f6 {[%emt 0:02:12]} 24. Rb1 {[%emt 0:05:33]} Rc8 {[%emt 0:03:22]} 25. Rdc1 {[%emt 0:00:36]} Re7 {[%emt 0:03:12]} 26. Bb2 {[%emt 0:04:11]} Rec7 {[%emt 0:01:59]} 27. Rxc7 {[%emt 0:00:37]} Rxc7 {[%emt 0:00:01]} 28. Rc1 {[%emt 0:00:03]} 1/2-1/2